000 00268 a2200085 4500
100 1 _aGeissler, Helmut.
_eAutor
245 0 _aZur Planung einer PCM-System-Hierarchie /
_cGeissler Helmut.
710 2 _aVDE Verlag.
_eWydawca
_4pbl
260 _aBerlin :
_bVDE Verlag,
_c1971.
300 _a32 s.;
_c24 cm.
999 _c5938
_d5938